Brakująca stacja metra - Warszawa - Statystyki

Ogólne statystyki
  • Ten quiz został rozwiązany 196 razy
  • Średni wynik to 8 z 10
Statystyki odpowiedzi
Stacja poprzedzająca Stacja brakująca Stacja następna % Poprawnych
Natolin Imielin Stokłosy
85%
Plac Wilsona Dworzec Gdański Ratusz Arsenał
84%
Młynów Płocka Rondo Daszyńskiego
79%
Wawrzyszew Stare Bielany Słodowiec
79%
Pole Mokotowskie Racławicka Wierzbno
78%
Bemowo Ulrychów Księcia Janusza
78%
Zacisze Kondratowicza Bródno
77%
Plac Wilsona Marymont Słodowiec
77%
Zacisze Trocka Targówek Mieszkaniowy
76%
Wilanowska Służew Ursynów
73%
Nie znaleziono quizów pasujących do podanych kryteriów
Rozkład punktacji
Procent ludzi z każdym wynikiem
Percentyl według liczby udzielonych odpowiedzi
Twoja historia wyników
Nie rozwiązałeś tego quizu